| 000 | 01584cam a22004454i 4500 | ||
|---|---|---|---|
| 003 | PE-LiUPU | ||
| 005 | 20250731173019.0 | ||
| 008 | 150623s1997 ilu rb 000 0 eng d | ||
| 020 | _a0830814140 | ||
| 035 | _a(Sirsi) i9780830814145 | ||
| 040 |
_aPE-LiUPU _bspa _cPE-LiUPU _erda |
||
| 049 | _aPRUA | ||
| 082 | 0 | 4 |
_a232.8 _221 _bB652j |
| 100 | 1 |
_aBloesch, Donald G., _eautor. |
|
| 245 | 1 | 0 |
_aJesus Christ : _bsavior and Lord / _cDonald G. Bloesch. |
| 264 | 1 |
_aDowners Grove, Illinois : _bInterVarsity Press, _c1997. |
|
| 300 |
_a304 páginas ; _c23 centímetros |
||
| 336 |
_atext _2rdacontent |
||
| 337 |
_aunmediated _2rdamedia |
||
| 338 |
_avolume _2rdacarrier |
||
| 490 | 0 | _aChristian Foundations | |
| 504 | _aIncluye bibliografía. | ||
| 505 | 0 | _aChrist in dispute -- The plight of humanity -- The mystery of the incarnation -- The virgin birth. -The preexistence of Jesus Christ -- Christ's atoning sacrifice -- Salvation in evangelical protestantism -- The Lordship of Christ in theological history -- The finality of Christ. | |
| 526 | _aSEG42 | ||
| 526 | _aSEG41 | ||
| 526 | _aSEG40 | ||
| 526 | _aSEG39 | ||
| 526 | _aP94 | ||
| 526 | _aP87 | ||
| 526 | _aP86 | ||
| 526 | _aP85 | ||
| 526 | _aP77 | ||
| 526 | _aP76 | ||
| 526 | _aP35 | ||
| 600 | 1 | _aJesucristo | |
| 942 |
_2ddc _cBOOK |
||
| 949 |
_a232.9 B61 1928 _wDEWEY _c1 _i47378 _d2016-5-9 _e2016-5-6 _lCCODEBUL1 _mBUL _n2 _r0 _sY _tBOOK _u2015-6-24 _xTEOLOGIA _0COMPRA _o.STAFF. Colección General |
||
| 980 |
_81 _gALBERTO SANCHEZ Responsable de Automatización |
||
| 999 |
_c23932 _d23932 |
||